Sports Quiz

Random Sports or Auto Racing Quiz

NASCAR Race Winners (1970s) Quiz Stats

 Plays Quiz not verified by Sporcle

Also try: Big 4 Teams 6 to 1
Challenge
Share
Tweet
Embed
Score 0/84 Timer 06:00
0 Plays Today
% Correct
Richard Petty
99.9%
Richard Petty
99.9%
Richard Petty
99.9%
Richard Petty
99.9%
Richard Petty
99.9%
Richard Petty
99.9%
Richard Petty
99.9%
Richard Petty
99.9%
Richard Petty
99.9%
Cale Yarborough
97.6%
Cale Yarborough
97.6%
Cale Yarborough
97.6%
Cale Yarborough
97.6%
Cale Yarborough
97.6%
Cale Yarborough
97.6%
Cale Yarborough
97.6%
Cale Yarborough
97.6%
David Pearson
97.1%
David Pearson
97.1%
David Pearson
97.1%
David Pearson
97.1%
David Pearson
97.1%
David Pearson
97.1%
David Pearson
97.1%
David Pearson
97.1%
David Pearson
97.1%
David Pearson
97.1%
Bobby Allison
96.6%
% Correct
Bobby Allison
96.6%
Bobby Allison
96.6%
Bobby Allison
96.6%
Bobby Allison
96.6%
Bobby Allison
96.6%
Darrell Waltrip
96.6%
Darrell Waltrip
96.6%
Darrell Waltrip
96.6%
Darrell Waltrip
96.6%
Bobby Allison
96.6%
Darrell Waltrip
96.6%
Bobby Allison
96.6%
Donnie Allison
96.4%
Donnie Allison
96.4%
Donnie Allison
96.4%
Donnie Allison
96.4%
Donnie Allison
96.4%
Dale Earnhardt
93.2%
Benny Parsons
88.7%
Benny Parsons
88.7%
Benny Parsons
88.7%
Benny Parsons
88.7%
Benny Parsons
88.7%
Benny Parsons
88.7%
Benny Parsons
88.7%
Buddy Baker
84.6%
Buddy Baker
84.6%
Buddy Baker
84.6%
% Correct
Buddy Baker
84.6%
Buddy Baker
84.6%
Buddy Baker
84.6%
Buddy Baker
84.6%
Bobby Isaac
81.4%
Bobby Isaac
81.4%
Bobby Isaac
81.4%
Dave Marcis
73%
Dave Marcis
73%
Neil Bonnett
72.3%
Neil Bonnett
72.3%
A.J. Foyt
70.6%
A.J. Foyt
70.6%
A.J. Foyt
70.6%
Pete Hamilton
68.1%
LeeRoy Yarbrough
68.1%
Pete Hamilton
68.1%
Lennie Pond
56.5%
James Hylton
56%
James Hylton
56%
Dick Brooks
50.8%
Tiny Lund
46.6%
Charlie Glotzbach
45.8%
Charlie Glotzbach
45.8%
Earl Ross
44.1%
Mark Donohue
43.7%
Ray Elder
35.4%
Ray Elder
34.3%

You're not logged in!

Compare scores with friends on all Sporcle quizzes.
OR
Log In

You Might Also Like...

Show Comments

Extras

Top Quizzes Today


Score Distribution

Your Account Isn't Verified!

In order to create a playlist on Sporcle, you need to verify the email address you used during registration. Go to your Sporcle Settings to finish the process.

Report this User

Report this user for behavior that violates our Community Guidelines.

Details: